000 00839nam a22002772 4500
001 22731
003 CZ PrNK
005 20260421161924.0
008 960320s1987 xo slo
020 _q(Brož.)
040 _aABA001
_bcze
_cABA001
_dABA001
041 1 _aslo
_hger
100 1 _aSteinberg, Werner,
_d1913-1992
_4aut
245 1 0 _aMimochodom: vražda ;
_bPosledný prípad /
_cWerner Steinberg ; z nem. orig. prel. Evelína Radičová a Alfred Engelmann
250 _a1. vyd.
260 _aBratislava :
_bTatran,
_c1987
300 _a461 s. ;
_c
490 1 _aZenit ;
_vzv. 56
700 1 _aSilberhornová, Evelína
_4trl
700 1 _aEngelmann, Alfréd
_4trl
740 0 2 _aPosledný prípad
765 0 _tEin Mord ; Der letzte Fall des Kommissars
830 0 _aZenit
910 _aABA001
942 _2ddc
_cKLDO
_n0
999 _c22731
_d22731